Rejected Daily Trivia #3 - Statistics

General Stats
  • This quiz has been taken 1,025 times
  • The average score is 4 of 10
Answer Stats
Question Answer % Correct
How many strings are there in a guitar? 6
69%
Which of the following countries is NOT a monarchy? Iraq
65%
Which European royal house was famous for their inbreeding? Von Habsburg
61%
What is the capital of Estonia? Tallinn
55%
What is the latin name of a house cat? Felis catus
35%
What year did the Japanese invasion of China begin? 1937
31%
According to the Global Liveability ranking, which city was the "most livable" in 2018-2019 and again in 2022-2024? Vienna
30%
In the context of computer games, what does the acronym DotA mean? Defence of the Ancients
26%
In which country do the traditionally muslim Cham people mainly live? Vietnam
11%
Which crop has the largest global production (in metric tonnes)? Sugarcane
6%
No matching quizzes found
Score Distribution
Percent of People with Each Score
Percentile by Number Answered
Your Score History
You have not taken this quiz